000 00248nam a2200097Ia 4500
008 230508s2008 xx 000 0 und d
041 _aeng
100 _aGUPTA I C
245 _aA TEXT BOOK OF ENGINEERING METROLOGY
260 _bDHANPATRAI
_c2008
_g2008
999 _c734494
_d734494